01187nam a2200205 a 4500008004100000020001800041041000800059092001700067100003800084245008800122250001100210260004000221300002200261500012800283505030200411655003000713942001300743999001500756952021000771161215t2007 ag |||g |||| 00| 1 spa d a9789870700463 aspa c808l28sGAR1 aGarcía Márquez, Gabriel93265 aTextos costeños I.bObra periodística (1948-1950) /cGabriel García Márquez a1a ed. aBuenos Aires:bSudamericana;c2007. a512 p.c23x15 cm. aGarcía Márquez, G. (2007). Textos costeños I. Obra periodística (1948-1950). (1a ed.). Buenos Aires : Sudamericana. aNo sé qué tiene el acordeón de comunicativo que cuando lo oímos se nos arruga el sentimiento. Perdone usted, señor lector, este principio de greguería... Yo, personalmente, le haría levantar una estatua a ese fuelle nostálgico, amargamente humano, que tiene tanto de animal triste. aObra periodística94358 2ddccLIT c3313d3313 00102ddc4070aBFMbBFMcCRd2025-09-22eDonación Guerra, Valeria. Septiembre 2025.l0o863 28 GARp5118r2025-09-23tEj. 1w2025-09-23yLITzDonación Guerra, Valeria. Septiembre 2025. Sede Tordos.f